00667nam a22002057a 450000500170000001000130001702000100003003500130004003700170005304000130007008200130008324501000009626000440019627000400024030000200028050000210030065000480032165000670036970000250043620170124110253.0 aA-607224 c00.00 aA-607224 bCen Lib/Ret  aDPLbEN  a378bHIG aHigher education in the eighties : opportunities and objectives /cedited by J. Veera Raghavan  aNew Delhi bLancer International c1985 aPost bag no. -2bNew Delhi e110017 a286p.c21cm(Hb) aIncludes index  a Education, Higher -- India -- Congresses.  a Education, Higher -- India -- Congresses. Education, Higher.  aRaghavan, J. Veera